| 000 | 02029cam a2200397 i 4500 | ||
|---|---|---|---|
| 001 | 15124355 | ||
| 003 | EG-ScBUE | ||
| 005 | 20240418095159.0 | ||
| 008 | 071231r20092008enk f b 001 0 eng d | ||
| 020 | _a9780521686051 (pbk.) | ||
| 040 |
_aDLC _beng _erda _cDLC _dDLC _dEG-ScBUE |
||
| 043 | _aa-cc--- | ||
| 082 | 0 | 4 |
_a951.059 _222 _bFEW |
| 100 | 1 |
_aFewsmith, Joseph, _d1949- _eauthor. |
|
| 245 | 1 | 0 |
_aChina since Tiananmen : _bfrom Deng Xiaoping to Hu Jintao / _cJoseph Fewsmith, Boston University. |
| 250 | _aSecond edition. | ||
| 250 | _aReprint edition. | ||
| 264 | 1 |
_aCambridge : _bCambridge University Press, _c2009. |
|
| 300 |
_axix, 336 pages ; _c24 cm |
||
| 336 |
_2rdacontent _atext _btxt |
||
| 337 |
_aunmediated _2rdamedia _bn |
||
| 338 |
_avolume _bnc _2rdacarrier |
||
| 504 | _aIncludes bibliographical references and index. | ||
| 505 | 0 | _aTiananmen and the conservative critique of reform -- Deng moves to revive reform -- The emergence of neoconservatism -- The enlightenment tradition under challenge -- The emergence of neostatism and popular nationalism -- Jiang Zemin's rise to power -- Elite politics in an era of globalization and nationalism -- Hu Jintao takes over : a turn to the left? -- Conclusion. | |
| 650 | 7 |
_aPolitical leadership _zChina. _2BUEsh |
|
| 651 | 7 |
_aChina _xPolitics and government _y1976-2002. _2BUEsh |
|
| 651 | 7 |
_aChina _xHistory _yTiananmen Square Incident, 1989. _2BUEsh |
|
| 653 |
_bBUSBOL _cMarch2015 |
||
| 655 |
_vReading book _934232 |
||
| 856 | 4 | 2 |
_3Contributor biographical information _uhttp://www.loc.gov/catdir/enhancements/fy0808/2007053003-b.html |
| 856 | 4 | 2 |
_3Publisher description _uhttp://www.loc.gov/catdir/enhancements/fy0808/2007053003-d.html |
| 856 | 4 | 1 |
_3Table of contents only _uhttp://www.loc.gov/catdir/enhancements/fy0808/2007053003-t.html |
| 906 |
_a7 _bcbc _corignew _d1 _eecip _f20 _gy-gencatlg |
||
| 942 |
_2ddc _cBB |
||
| 999 |
_c19013 _d18985 |
||